000 00799nam a2200217 a 4500
008 951123s1983||||[C 0 slo c
020 _c18 Kčs.
_q(18000 výtl.)
040 _aSNK
_bslo
_cSNK
_eAACR2
041 1 _aslo
_hrus
044 _axo
_cSK
080 _a1 100.1(081.1)
100 1 _aLenin, Vladimir Iľjič
_4aut
245 1 0 _aZobrané spisy. /Zv./ 17
_bMarec 1908 - jún 1909
_cVladimir Iľjič Lenin ; Izabela Kunová, Oto Takáč
250 _a2., vyd.
260 _aBratislava
_bPravda
_c1983
_eBratislava
_fPravda
300 _a744 s., 34,00 AH
_bTb.
_c21 cm
500 _aLit. 66. Zozn. prác V. I. Lenina. Pozn. Reg. lit. prác a prameňov. Men. reg. Životopis. údaje. Faksim. rkp. 66 zázn. v slov.
700 1 _aKunová, Izabela
_4trl
700 1 _aTakáč, Oto
_4bkd
958 _aA
999 _c15438
_d15438